| 000 | 00466cam a22001451 4500 | ||
|---|---|---|---|
| 082 |
_a951 _bHOL |
||
| 100 | 1 |
_aHolcombe, Chester, _950312 |
|
| 245 | 1 | 4 |
_aThe real Chinese question, _cby Chester Holcombe... |
| 260 |
_aNew York, _bDodd, Mead & company, _c1900. |
||
| 300 |
_axxii, 386 p. _c20 cm. |
||
| 526 |
_a0 _b0 _c0 _d951_000000000000000_HOL |
||
| 650 | 0 |
_aEastern question (Far East) _949504 |
|
| 650 | 0 |
_aNational characteristics, Chinese. _950313 |
|
| 942 |
_2ddc _cBK |
||
| 999 |
_c553036 _d553036 |
||